Datum a čas kvízu

30.5 Celkem bodů Celkový počet nahraných bodů na tomto kvízu bez doplňovacích otázek.
11. Pořadí na kvízu Konečné umístění týmu na tomto kvízu.

Zaznamenané odpovědi

# Otázka Odpověď Body Výsledky
1. Středočeská obec Mirošovice po... Předčasně zveřejnila výsledky. 1
2. Na výročí Světového dne metrol... Max Planck 1
3. Zlínský filmový festival minul... kybernetický útok 0
4. Český podnikatel a miliardář r... Karel Janeček 1
5. V pondělí nás opustil Niki Lau... Laudamotion, Niki 0
6. Jakou barvu má pruh, který je... bílou 0
7. Kolik vodorovných pruhů tvoří... čtyři 0
8. Na thajské vlajce nenajdeme pr... C 0
9. Slovinskou vlajku tvoří znak v... prostřední 0
10. Který z pruhů na vlajce Maďars... A 0